000 00585pam a2200205 a 4500
020 _a0070626022 (acidfree paper)
040 _cDLC
082 0 0 _a512 MCG 1995 A034 Or.
100 1 _aHutchison, Donald,
245 1 0 _aIntermediate algebra /
260 _aNew York :
_bMcGraw-Hill,
_cc1995.
300 _a1 v. (various pagings) :
_bcol. ill. ;
_c27 cm.
500 _aRelated work: Intermediate algebra / James Streeter.
500 _aIncludes index.
650 0 _aAlgebra.
700 1 _aHoelzle, Louis F.
700 1 _aStreeter, James
700 1 _aStreeter, James
942 _cEK
999 _c12807
_d12807